000
00244nam a22001097a 4500
082
_a
808.3 MAU'M
100
_a
MAUGHAM, W. SOMERSET
_9
79445
245
_a
THE MOON AND SIXPACE
260
_a
LONDON
_b
PENGUIN
_c
1969
300
_a
216P
942
_c
BK
999
_c
584502
_d
584502